00691nam a22001937a 4500003001100000008004100011040003900052041000800091082001600099111008400115245002800199260005100227300004000278650004400318650002200362942000700384952009100391999001500482LK-CoMWRAF240624b2004 |||||||| |||| 00| 0 eng d aLK-CoMWRAFdLK-CoMWRAFeLK-CoMWRAF aeng a305.42bWOM aNINTH NATIONAL CONVENTION ON WOMEN'S STUDIES c( Colombo, d20-23rd March 2004) aSESSION IX:bLiterature aColombo: bCentre for Women's Research,c 2004 aVarious pg.b Bibliography included a WOMEN'S STUDIES- Sri Lanka- Congresses aWomen-Folk poetry cCP 00104070aMAINbMAINd2024-06-24l0o305.42 WOMpRAF5302r2024-06-24w2024-06-24yCP c4927d4927